Finančná gramotnosť a finančné vzdelávanie

Finančná gramotnosť ako proces, v ktorom si spotrebitelia alebo investori zlepšujú svoje porozumenie o finančných produktoch prostredníctvom informácií, inštrukcií, rozvoja zručností a sebadôvery.

Guardado en:
Detalles Bibliográficos
Autor principal: Thiessen, Alžbeta, 1988-
Otros Autores: Mihalčová, Bohuslava, 1963-
Formato: Capítulo de libro
Lenguaje:eslovaco
Materias:
Etiquetas: Agregar Etiqueta
Sin Etiquetas, Sea el primero en etiquetar este registro!

MARC

LEADER 00000nla a2200000 4500
001 0181278
005 20240502073117.3
041 0 |a slo 
044 |a SK 
245 1 0 |a Finančná gramotnosť a finančné vzdelávanie  |c Alžbeta Thiessen, Bohuslava Mihalčová 
520 |a Finančná gramotnosť ako proces, v ktorom si spotrebitelia alebo investori zlepšujú svoje porozumenie o finančných produktoch prostredníctvom informácií, inštrukcií, rozvoja zručností a sebadôvery. 
610 2 0 |a gramotnosť finančná 
610 2 0 |a matematika finančná 
610 2 0 |a rozhodovanie finančné 
610 2 0 |a financie osobné 
610 2 0 |a peňažníctvo 
100 1 |a Thiessen, Alžbeta, 1988- 
700 1 |a Mihalčová, Bohuslava, 1963-